000 00456nam a2200181Ia 4500
001 24316
005 20260414151035.0
008 260414t2019||||xx |||||||||||||| ||spa||
041 _aESP
082 _a345.3
_bA67
100 _aArbulú Martínez, Víctor Jimmy
_eAUT
245 0 _aLa técnica de la prueba en el proceso penal
_b
260 _c2019
300 _a302 páginas :
_c25 cm.
650 _aDER
654 _aCDE
942 _cLIB
_dJUS
_fJUS
_2ddc
_n
999 _c24316
_d24316